Loading...
History - European History | 0 | 2 | 0 | 1 | 20 | 98 | 99.00 | 2 | 2 |
Literature - European Literature | 1 | 0 | 0 | 0 | 15 | 77 | 77.00 | 1 | 1 |
History - World History | 0 | 3 | 3 | 1 | 15 | 106 | 117.33 | 2 | 3 |
Current Events | 0 | 1 | 0 | 0 | 10 | 68 | 68.00 | 1 | 1 |
Social Science | 0 | 1 | 1 | 1 | 5 | 92 | 92.00 | 0 | 1 |
Other Academic | 0 | 1 | 1 | 1 | 5 | 133 | 133.00 | 1 | 1 |
Science - Chemistry | 1 | 0 | 2 | 0 | 5 | 7 | 7.00 | 1 | 1 |
Science - Biology | 0 | 1 | 2 | 0 | 0 | 138 | 138.00 | 0 | 1 |
0 | 1 | 3 | 1 | -5 | 132 | 132.00 | 0 | 1 | |
Chemistry> | 0 | 0 | 1 | 0 | -5 | 0.00 | 0 | 0 | |
Geography | 0 | 0 | 1 | 0 | -5 | 0.00 | 0 | 0 | |
Other Arts: Visual | 0 | 0 | 1 | 0 | -5 | 0.00 | 0 | 0 | |
Other Science: Earth Science | 0 | 0 | 1 | 0 | -5 | 0.00 | 0 | 0 | |
Philosophy | 0 | 0 | 1 | 0 | -5 | 0.00 | 0 | 0 | |
Beliefs | 0 | 0 | 1 | 0 | -5 | 0.00 | 0 | 0 | |
Other Science: Astronomy | 0 | 0 | 2 | 0 | -10 | 0.00 | 0 | 0 | |
History - American History | 0 | 0 | 3 | 0 | -15 | 0.00 | 0 | 0 |